1364 1666 1587 1302 1897 1351 1097 1831 1200 1614 1455 1343 1616 1308 1935 1603 1333 1145 1480 1192 1817 1887 1041 1171 1344 1490 1067 1695 1446 1925 1766 1680 1796 1018 1272 1652 1754 1003 1255 1036 1961 1399 1360 1712 1097 1186 1164 1962 1691 1234 1189 1052 1424 1738 1230 1278 1302 1219 1772 1468 1567 1731 1521 1690 1672 1175 1811 1805 1282 1914 1318 1704 1869 1281 1854 1509 1405 1150 1933 1137 1766 1466 1540 1812 1815 1335 1918 1752 1962 1427 1783 1235 1176 1113 1227 1714 1564 1570 1452 BCNSPRNW ULIB Ver.6.0+V

เปลี่ยนเป็นภาษาไทย

Change to English
 แสดงรายละเอียดบรรณานุกรม
  กลับหน้าหลัก

Brief Record : Get Marc (ISO 2709) : E-mail record : QR code < ปิดหน้าต่าง
LEADER : 00000nam 2200000uu 4500
001    13399124709
003     ULIB
008    160120s2538||||th 000 0 tha d
050  4 ^aBF698.2^bช645ก
099    ^aวพ.BF698.2^bช645ก
100 0  ^aชูใจ กินูญ
245 10 ^aการศึกษาบุคลิกภาพของนักศึกษาวิทยาลัยครูเพชรบูรณ์ /^cชูใจ กินูญ
260    ^a^c2538
500    ^aฉบับพิมพ์ดีด [ฉบับถ่ายสำเนา]
502    ^aวิทยานิพนธ์ (กศ.ม. (จิตวิทยาการแนะแนว))--มหาวิทยาลัยนเรศวร, 2538
650  4 ^aบุคลิกภาพ
650  4 ^aบุคคล
945    ^p0^l0^i000259
999    ^aวรรณษา ชูชัยมงคล
รายการนี้ยังไม่มีแท็ก
คุณยังไม่ได้ล็อกอิน คุณสามารถมีกิจกรรมร่วมกับเว็บไซต์ได้ แต่ต้องล็อกอินก่อน ::
  ล็อกอิน

รายการสื่อสารสนเทศ

ลำดับที่ ประเภท เลขเรียก/บาร์โค้ด สถานที่ สถานะ
1. วิทยานิพนธ์
วิทยานิพนธ์
วพ.BF698.2 ช645ก BF698.2 ช645ก ฉ.1 
  Barcode: 000259
ห้องสมุดวิทยาเขตสวรรค์ประชารักษ์
► วิทยานิพนธ์
บนชั้น

รายการใกล้เคียง
    หัวเรื่อง [บุคลิกภาพ]
    หัวเรื่อง [บุคคล]

BibComment


ยังไม่เคยถูกคอมเมนท์

คอมเมนท์ทรัพยากรรายการนี้
  คอมเมนท์: การศึกษาบุคลิกภา..


 Copyright 2026. Bcnsprnw @Library